[Event "Sliven op 17th"]
[Site "Sliven"]
[Date "2016.10.02"]
[Round "6"]
[White "Petrov, Petar G"]
[Black "Kralevski, Aleksander"]
[Result "0-1"]
[WhiteElo "2325"]
[BlackElo "2130"]
[PlyCount "54"]
[EventDate "2016.09.30"]
[EventType "swiss"]
[EventRounds "7"]
[EventCountry "BUL"]
[SourceTitle "EXT 2017"]
[Source "ChessBase"]
[SourceDate "2016.10.25"]
[SourceVersion "1"]
[SourceVersionDate "2016.10.25"]
[SourceQuality "1"]

1. e4 e5 2. Nf3 Nc6 3. d4 exd4 4. Bc4 Nf6 5. e5 d5 6. Bb5 Ne4 7. Nxd4 Bd7 8. Bxc6 bxc6 9. 0-0 Bc5 10. f3 Ng5 11. f4 Ne4 12. Be3 0-0 13. Nd2 Nxd2 14. Qxd2 f6 15. Nb3 Bb6 16. Bc5 fxe5 17. fxe5 Rf5 18. Rxf5 Bxf5 19. Kh1 Qe8 20. Re1 Qg6 21. c3 h5 22. a4 h4 23. a5 Bxc5 24. Nxc5 h3 25. g3 Rf8 26. Qe3 Bg4 27. Kg1 Qc2 0-1

[Event "Sliven op 17th"]
[Site "Sliven"]
[Date "2016.10.01"]
[Round "4"]
[White "Petrov, Petar G"]
[Black "Hristov, Angel"]
[Result "1-0"]
[WhiteElo "2325"]
[BlackElo "1152"]
[PlyCount "117"]
[EventDate "2016.09.30"]
[EventType "swiss"]
[EventRounds "7"]
[EventCountry "BUL"]
[SourceTitle "EXT 2017"]
[Source "ChessBase"]
[SourceDate "2016.10.25"]
[SourceVersion "1"]
[SourceVersionDate "2016.10.25"]
[SourceQuality "1"]

1. e4 e6 2. d4 d5 3. Nd2 Nf6 4. e5 Ng8 5. Ngf3 c5 6. c3 Nc6 7. Nb3 cxd4 8. cxd4 Nge7 9. Bg5 Qb6 10. Be2 Bd7 11. 0-0 h6 12. Be3 Nf5 13. Bc1 0-0-0 14. a4 a5 15. Bb5 Kb8 16. Bxc6 Bxc6 17. Bd2 Bb4 18. Bxb4 Qxb4 19. Nc5 g5 20. Qd3 g4 21. Nd2 Qxd4 22. Qxd4 Nxd4 23. Ndb3 Ne2+ 24. Kh1 b6 25. Rfe1 Nf4 26. Nd4 Rc8 27. Nxc6+ Rxc6 28. Nb3 Rc2 29. Rf1 Rhc8 30. Nd4 Rxb2 31. Rab1 Rxb1 32. Rxb1 Kb7 33. Nb5 Ka6 34. Nd6 Rc7 35. Ne8 Rc4 36. Nd6 Rxa4 37. Nxf7 Nd3 38. Nd8 Nxf2+ 39. Kg1 Nd3 40. Nxe6 Nxe5 41. Nc7+ Kb7 42. Nxd5 Nc4 43. Nf6 Ne5 44. Nd5 Nd7 45. Rc1 Nc5 46. Rb1 Kc6 47. Ne7+ Kb7 48. Nd5 Kc6 49. Ne7+ Kd7 50. Nd5 Kc6 51. Ne7+ Kb7 52. Nd5 Nd7 53. Rc1 Ne5 54. Rc7+ Ka6 55. Rh7 Rc4 56. Rxh6 Rc6 57. Rh7 Kb5 58. Rh5 Re6 59. Nc7+ 1-0